00510cam a22001812 4500001001100000005001700011008004100028020001500069040001500084050002100099100003200120245007000152250001300222260004100235300001700276650003200293852000300325000001943020151217145915.0101115s xx 000 0 eng d a053879769x aKABUcKABU 0aHJ141b.H96 20111 aHyman, David N.@000014994810aPublic finance :ba contemporary application of theory to policy. a10th ed. aMason, Ohio :bSouth-Western,c2011. axvii, 782 p. 0aPublic finance.@00001527331